| 000 | 00744nam a2200229 i 4500 | ||
|---|---|---|---|
| 001 | 97224 | ||
| 003 | ES-MaACL | ||
| 005 | 20240503104451.0 | ||
| 007 | t| | ||
| 008 | 050708s1976 sp f ||||1|bspa d | ||
| 020 | _a84-7388-034-X | ||
| 100 | 1 |
_aMarais, Jean. _976298 |
|
| 245 | 1 | 0 |
_aHistorias de mi vida / _cJean Marais ; con una suite poética compuesta por poemas inéditos de Jean Cocteau ; traducción Germán Bueno. |
| 260 |
_aMadrid : _bEdiciones S.A., _c1976. |
||
| 300 |
_a376 p., 2 h. de lám. ; _c22 cm. |
||
| 490 | 1 |
_aLibro mundo ; _v3 |
|
| 700 | 1 |
_aCocteau, Jean, _d1889-1963 _939410 |
|
| 700 | 1 |
_aBueno, Germán. _932375 |
|
| 830 | 0 |
_aLibro mundo ; _v3 _9232277 |
|
| 852 |
_aES-MaACL _jL-11539 |
||
| 999 |
_c97224 _d97224 |
||